Southville International School and Colleges
Your cart is empty.
  • Cart
  • Lists
    Public lists Eva Luna New books Lux_list list_1
    Your lists Log in to create your own lists
  • Log in to your account
  • Your cookies
  • Search history
Southville International School and Colleges
  • Advanced search
  • Recent comments
  • Most popular
  • Libraries

Log in to your account

Log in with GOOGLE


If you do not have an external account, but do have a local account, you can still log in:

  1. Home
  2. MARC view: Learn about place /
Normal view MARC view ISBD view

Learn about place / (Record no. 113046)

[ view plain ]
MARC details
000 -LEADER
fixed length control field 00618nam a2200193 a 4500
001 - CONTROL NUMBER
control field 1200
005 - DATE AND TIME OF LATEST TRANSACTION
control field 20140414132000.0
008 - FIXED-LENGTH DATA ELEMENTS--GENERAL INFORMATION
fixed length control field 041110s19uu xx 00 eng d
050 ## - LIBRARY OF CONGRESS CALL NUMBER
Classification number TR 813.08
Item number L41 1994
100 ## - MAIN ENTRY--PERSONAL NAME
Personal name Law, Felicia
245 ## - TITLE STATEMENT
Title Learn about place /
Statement of responsibility, etc Story by Felicia Law ; illustrations by Steve Smallman, Shirley Tourret.
260 ## - PUBLICATION, DISTRIBUTION, ETC. (IMPRINT)
Place of publication, distribution, etc U.K :
Name of publisher, distributor, etc World Books,
Date of publication, distribution, etc 1994.
300 ## - PHYSICAL DESCRIPTION
Extent p. : ill. ; cm.
440 ## - SERIES STATEMENT/ADDED ENTRY--TITLE
Title Early World of Learing-Poldy
520 ## - SUMMARY, ETC.
Summary, etc The Place storybooks describes Poldy's trip into the desert.
650 ## - SUBJECT ADDED ENTRY--TOPICAL TERM
Topical term or geographic name as entry element Places
General subdivision Fiction.
650 ## - SUBJECT ADDED ENTRY--TOPICAL TERM
Topical term or geographic name as entry element Children stories.
Holdings
Withdrawn status Lost status Damaged status Use restrictions Home library Current library Shelving location Date acquired Source of acquisition Total Checkouts Full call number Barcode Date last seen Price effective from Koha item type
        Munich Library Munich Library Teachers Reference Section 11/10/2004     TR 813.08 L41 1994 M4521 04/14/2014 04/14/2014 Books

Learn about place /

APA

Law F., . (1994). Learn about place. U.K: World Books.

Chicago

Law Felicia, . 1994. Learn about place. U.K: World Books.

Harvard

Law F., . (1994). Learn about place. U.K: World Books.

MLA

Law Felicia, . Learn about place. U.K: World Books. 1994.

  • Place hold
  • Print
  • Cite
  • Add to your cart (remove)
  • Save record
    BIBTEX Dublin Core MARCXML MARC (non-Unicode/MARC-8) MARC (Unicode/UTF-8) MARC (Unicode/UTF-8, Standard) MODS (XML) RIS
  • More searches
    Search for this title in:
    Other Libraries (WorldCat) Other Databases (Google Scholar) Online Stores (Bookfinder.com) Open Library (openlibrary.org)

Exporting to Dublin Core...

SOUTHVILLE LIBRARY

Southville International School and Colleges Library

1281 Tropical Ave. Cor. Luxembourg St., BF Homes International, Las Pinas City

Tel. No. 8256374 / 252358 Loc. 117/146

Powered by Koha